[Event "Aeroflot Open"]
[Site "Moscow RUS"]
[Date "2009.02.25"]
[Round "9"]
[White "Van Wely,L"]
[Black "Onischuk,Al"]
[Result "1/2-1/2"]
[WhiteElo "2625"]
[BlackElo "2659"]

1.d4 Nf6 2.c4 e6 3.Nf3 d5 4.Nc3 Be7 5.Bf4 O-O 6.e3 Nbd7 7.c5 c6 8.h3 b6 9.b4 a5
10.a3 Ba6 11.Bxa6 Rxa6 12.O-O  1/2-1/2

[Event "25th Open"]
[Site "Cappelle la Grande FRA"]
[Date "2009.03.01"]
[Round "2"]
[White "Vazquez Igarza,R"]
[Black "Jojua,D"]
[Result "0-1"]
[WhiteElo "2558"]
[BlackElo "2484"]

1.Nf3 Nf6 2.d4 d5 3.c4 e6 4.Nc3 Be7 5.Bf4 c5 6.dxc5 Bxc5 7.e3 Nc6 8.a3 O-O
9.Qc2 Qa5 10.Nd2 Be7 11.Bg3 Qb6 12.b4 d4 13.Na4 Qd8 14.e4 Nh5 15.Nb2 Nxg3
16.hxg3 e5 17.Nd3 f6 18.c5 Be6 19.Nb2 Qd7 20.Bc4 Rac8 21.Qb3 Nd8 22.Rc1 b6
23.cxb6 axb6 24.a4 Bxc4 25.Nbxc4 Qe6 26.O-O Rb8 27.b5 Qf7 28.Qd3 Ne6 29.Nb3 Bb4
30.f4 exf4 31.gxf4 Qa7 32.Ra1 Bc3 33.Ra2 Qc7 34.g3 Rbc8 35.Ncd2 Qf7 36.Rc2 Ra8
37.f5 Nc5 38.Nxc5 bxc5 39.b6 Rxa4 40.Qb5 Ra5 41.Qc6 Bxd2 42.Rxd2 Qb3 43.Qd5+ Qxd5
44.exd5 Rb5 45.Ra1 Rxb6 46.Rc2 Rc8 47.Rd1 Rbb8 48.Kf2 Kf7 49.d6 Rb6 50.d7 Rd8
51.Rxc5 Rxd7 52.Rd3 Rbd6 53.Kf3 Rd5 54.Rxd5 Rxd5 55.Ke4 Rd7 56.Rxd4 Rxd4+
57.Kxd4 Ke7 58.Kd5 Kd7 59.Kc5 g6 60.fxg6 hxg6 61.Kd5 Ke7 62.g4 Kd7 63.g5 fxg5
64.Ke5 Ke7 65.Ke4 Ke6 66.Kf3 Kf5 67.Kg3 g4 68.Kh4 g3 69.Kh3 Ke5  0-1

[Event "Bundesliga 2008-9"]
[Site "Eppingen GER"]
[Date "2009.03.01"]
[Round "13"]
[White "Janssen,Ru"]
[Black "Berkes,F"]
[Result "0-1"]
[WhiteElo "2524"]
[BlackElo "2645"]

1.Nf3 Nf6 2.c4 e6 3.Nc3 d5 4.d4 Be7 5.Bf4 O-O 6.e3 Nbd7 7.c5 c6 8.Bd3 b6
9.b4 a5 10.a3 Ba6 11.O-O Qc8 12.h3 Qb7 13.Qc2 Bxd3 14.Qxd3 Ra7 15.Nd2 Rfa8
16.Rab1 axb4 17.axb4 Bd8 18.Nb3 h6 19.Rfc1 b5 20.Ra1 Ne4 21.Rxa7 Rxa7 22.Nxe4 dxe4
23.Qxe4 Nf6 24.Qf3 Nd5 25.Qg3 Kh7 26.Be5 f6 27.Bd6 Nxb4 28.e4 Qf7 29.Rb1 Ra4
30.Bf4 f5 31.Be5 Qg6 32.f3 Bg5 33.exf5 Be3+ 34.Kh2 exf5 35.Re1 f4 36.Qxg6+ Kxg6
37.Rd1 Ra3 38.Rb1 Nd5 39.Rb2 Kf7 40.g3 g5 41.h4 gxh4 42.gxh4 h5 43.Kg2 Ke6
44.Kf1 Nc3 45.Nd2 Ra1+ 46.Kg2 Rg1+ 47.Kh2 Rd1 48.Nb3 Rb1 49.Rxb1 Nxb1 50.Kg2 Kd5
51.Kf1 Nc3 52.Ke1 b4 53.Bf6 Kc4 54.Na5+ Kb5 55.Nb3 Ka4  0-1

[Event "10th EICC"]
[Site "Budva MNE"]
[Date "2009.03.08"]
[Round "3"]
[White "Lenic,L"]
[Black "Berkes,F"]
[Result "1/2-1/2"]
[WhiteElo "2548"]
[BlackElo "2651"]

1.d4 d5 2.c4 e6 3.Nf3 Nf6 4.Nc3 Be7 5.Bf4 O-O 6.e3 Nbd7 7.c5 c6 8.Bd3 b6
9.b4 a5 10.a3 Ba6 11.O-O Qc8 12.Qc2 Bxd3 13.Qxd3 Qb7  1/2-1/2

[Event "10th EICC"]
[Site "Budva MNE"]
[Date "2009.03.10"]
[Round "5"]
[White "Nyback,T"]
[Black "Kotanjian,T"]
[Result "1-0"]
[WhiteElo "2644"]
[BlackElo "2568"]

1.d4 Nf6 2.c4 e6 3.Nf3 d5 4.Nc3 Be7 5.Bf4 O-O 6.e3 c5 7.dxc5 Bxc5 8.Qc2 Nc6
9.a3 Qa5 10.Nd2 Be7 11.O-O-O a6 12.g4 e5 13.g5 Nd7 14.Bg3 dxc4 15.Nxc4 Qc5
16.Ne4 Qa7 17.Ncd6 Nb6 18.f4 Bg4 19.Be2 Bxe2 20.Qxe2 exf4 21.exf4 Bxd6 22.Nxd6 Nc8
23.Ne4 N8e7 24.Kb1 Rad8 25.h4 Qb6 26.h5 Nd4 27.Qc4 Nef5 28.Bf2 Qe6 29.Qxe6 Nxe6
30.Bb6 Rc8 31.h6 Rc4 32.hxg7 Kxg7 33.Nf6 h6 34.Nd7 Rh8 35.gxh6+ Rxh6 36.Rdg1+ Rg6
37.Ne5 Rxf4 38.Nxg6 fxg6 39.Ba5 g5 40.Bd2 Rh4 41.Rxh4 Nxh4 42.Bc3+ Kg6 43.Re1 Nf4
44.Re7 Nd5 45.Rxb7 Nxc3+ 46.bxc3 g4 47.c4 g3 48.Rb3 Nf5 49.Rb2 Ne3 50.c5 Kf5
51.c6 Nd5 52.Rd2 Ke4 53.Kb2 Nc7 54.Kb3 Ke3 55.Rd1 g2 56.Kc4 Kf2 57.Kc5 Na8
58.Kd6 g1=Q 59.Rxg1 Kxg1 60.c7 Nb6 61.Kc6 Nc8 62.Kb7 Nd6+ 63.Kxa6 Kf2 64.a4 Ke3
65.Kb6 Kd4 66.Kc6 Ke5 67.Kd7  1-0

[Event "FSIMB March"]
[Site "Budapest HUN"]
[Date "2009.03.13"]
[Round "7"]
[White "Kislik,E"]
[Black "Volman,H"]
[Result "1-0"]
[WhiteElo "2310"]
[BlackElo "2175"]

1.d4 d5 2.c4 e6 3.Nc3 Nf6 4.Nf3 Be7 5.Bf4 O-O 6.e3 c5 7.dxc5 Qa5 8.a3 dxc4
9.Bxc4 Qxc5 10.Qe2 a6 11.Bd3 b5 12.Ne4 Qb6 13.Nfg5 Nbd7 14.Nxf6+ Nxf6 15.Be5 h6
16.Bxf6 gxf6 17.Nh3 e5 18.Qf3 Kg7 19.O-O Rb8 20.Rad1 Qe6 21.Qe2 Qg4 22.f3 Qh5
23.Nf2 f5 24.Qc2 Be6 25.Qc7 Bf6 26.Nh1 Qg5 27.f4 exf4 28.exf4 Bd4+ 29.Nf2 Qf6
30.Kh1 Rfc8 31.Qa5 Rc6 32.a4 b4 33.Rde1 Bxb2 34.Re3 Bd4 35.Rg3+ Kh8 36.Bxa6 b3
37.Bd3 b2 38.Nd1 Rc1 39.Nxb2 Rxf1+ 40.Bxf1 Bxb2 41.Qc7 Qd8 42.Qc2 Qc8 43.Qe2 Bg7
44.h3 Rb1 45.Kh2 Qc1 46.Rf3 Rb3 47.a5 Rxf3 48.Qxf3 Bc4 49.Qa8+ Kh7 50.Bxc4 Qxc4
51.Qb8 Qa4 52.Qc7 Qb5 53.h4 Kg8 54.Qc8+ Kh7 55.Qc7 Kg8 56.Qc8+ Kh7 57.Qc7 Qa4
58.Kh3 Qb3+ 59.g3 Bd4 60.Qd7 Bf2 61.Qxf5+ Kg7 62.Qe5+ f6 63.Qe7+ Qf7 64.Qd6 Qb7
65.a6 Qc8+ 66.Kh2 Bc5 67.Qd3 Ba7 68.h5 Qe8 69.Qf3 Qd7 70.f5 Kh7 71.Kh3 Qb5
72.Qf4 Qc6 73.Kh2 Bb6 74.Qg4 Qe8 75.Qf3 Qf7 76.Kh3 Bd4 77.Qg4 Bc5 78.Qf3 Kh8
79.Qa8+ Kh7 80.Qf3 Bb6 81.Qg4 Qg8 82.Qf3 Qf7 83.Qg4 Kh8 84.Qf3 Ba7 85.Qa8+ Kg7
86.Qf3 Kf8 87.Qa3+ Kg7 88.Qf3 Kh7 89.Qg4 Qe8 90.Qg6+ Qxg6 91.hxg6+ Kg7 92.g4 Bd4
93.Kg3 Kf8 94.Kf3 Ke7 95.Ke4 Bg1 96.Kd5 Ke8  1-0

[Event "10th EICC"]
[Site "Budva MNE"]
[Date "2009.03.14"]
[Round "8"]
[White "Svetushkin,D"]
[Black "Lintchevski,D"]
[Result "1-0"]
[WhiteElo "2593"]
[BlackElo "2481"]

1.d4 Nf6 2.c4 e6 3.Nf3 d5 4.Nc3 Be7 5.Bf4 O-O 6.e3 Nbd7 7.c5 c6 8.h3 b6 9.b4 Ne4
10.Nxe4 dxe4 11.Ne5 Nxe5 12.Bxe5 a5 13.a3 f6 14.Bg3 Ba6 15.Bxa6 Rxa6 16.O-O Qd7
17.Qc2 f5 18.Rfc1 Rfa8 19.b5 cxb5 20.c6 Qd5 21.c7 Rc8 22.Qc6 a4 23.Rab1 Bxa3
24.Rxb5 Qxc6 25.Rxc6 Kf7 26.Kf1 Bf8 27.Rcxb6 Rxb6 28.Rxb6 Ke7 29.Ke2 Kd7
30.Kd2 a3  1-0

[Event "10th EICC"]
[Site "Budva MNE"]
[Date "2009.03.15"]
[Round "9"]
[White "Sokolov,Iv NED"]
[Black "Meier,Geo"]
[Result "1-0"]
[WhiteElo "2657"]
[BlackElo "2608"]

1.d4 e6 2.c4 Nf6 3.Nf3 d5 4.Nc3 Be7 5.Bf4 O-O 6.e3 c5 7.dxc5 Bxc5 8.Qc2 Nc6
9.Rd1 Qa5 10.a3 Be7 11.Be2 Ne4 12.cxd5 Nxc3 13.Qxc3 Qxc3+ 14.bxc3 exd5 15.Rxd5 Bxa3
16.Nd4 a5 17.Rb5 a4 18.Kd2 Be7 19.Ra1 Ra7 20.Bg5 f6 21.Bf4 Rd8 22.Bc7 Re8
23.Bb6 Ra8 24.Bc4+ Kf8 25.Ne6+ Bxe6 26.Bxe6 Bd6 27.Bd5 Re7 28.Kc2 Rd7 29.Be6 Re7
30.Bd5 Rd7 31.f4 g6 32.g3 Ke8 33.e4 Re7 34.h4 Rg7 35.Kb2 Ra6 36.Ka2 h6 37.Rd1 g5
38.hxg5 hxg5 39.Bc4 Bb8 40.Rbb1 Ra8 41.Rh1  1-0

[Event "10th EICC"]
[Site "Budva MNE"]
[Date "2009.03.15"]
[Round "9"]
[White "Cheparinov,I"]
[Black "L'Ami,E"]
[Result "1-0"]
[WhiteElo "2679"]
[BlackElo "2603"]

1.d4 Nf6 2.c4 e6 3.Nf3 d5 4.Nc3 Be7 5.Bf4 O-O 6.e3 Nbd7 7.c5 c6 8.Bd3 b6
9.b4 a5 10.a3 Ba6 11.O-O Qc8 12.h3 Qb7 13.Rb1 axb4 14.axb4 Rfc8 15.Bxa6 Qxa6
16.Qc2 Bd8 17.Rb2 Qb7 18.Ne1 Bc7 19.Nd3 Ne8 20.Rc1 b5 21.Nb1 f6 22.Bxc7 Nxc7
23.Nd2 Ra6 24.e4 Nf8 25.e5 f5 26.Nb3 Ne8 27.Na5 Qf7 28.Qd2 h6 29.h4 Qh5 30.g3 Ng6
31.Qe3 Ra7 32.Qe2 Qxe2 33.Rxe2 Ne7 34.h5 Nc7 35.Ra1 Kf7 36.f3 Ke8 37.Kf2 Kd7
38.Ke3 Rf8 39.Kd2 Raa8 40.Kc3 Rab8 41.Nf4 Ra8 42.Rea2 Ra7 43.Nc4  1-0

[Event "18th Amber Blindfold"]
[Site "Nice FRA"]
[Date "2009.03.15"]
[Round "2"]
[White "Ivanchuk,V"]
[Black "Carlsen,M"]
[Result "1/2-1/2"]
[WhiteElo "2779"]
[BlackElo "2776"]

1.d4 d5 2.c4 e6 3.Nf3 Nf6 4.Nc3 Be7 5.Bf4 O-O 6.e3 c5 7.dxc5 Bxc5 8.cxd5 Nxd5
9.Nxd5 exd5 10.a3 Nc6 11.Bd3 Bb6 12.O-O Bg4 13.h3 Bh5 14.b4 Re8 15.Rc1 a6
16.Bxa6 Rxa6 17.b5 Rxa3 18.bxc6 bxc6 19.Rxc6 Ra7 20.Qb3 Bxf3 21.Rxb6 Be2
22.Rb1 Bc4 23.Qc3 Rae7 24.f3 f6 25.Qd4 Qc8 26.e4 dxe4 27.Rc1 e3 28.Qxc4+ Qxc4
29.Rxc4 e2 30.Bg3 e1=Q+ 31.Bxe1 Rxe1+ 32.Kh2 R1e7  1/2-1/2

[Event "18th Amber Blindfold"]
[Site "Nice FRA"]
[Date "2009.03.16"]
[Round "3"]
[White "Karjakin,Sergey"]
[Black "Kramnik,V"]
[Result "1/2-1/2"]
[WhiteElo "2706"]
[BlackElo "2759"]

1.d4 Nf6 2.c4 e6 3.Nf3 d5 4.Nc3 Be7 5.Bf4 O-O 6.Qc2 c5 7.dxc5 Na6 8.e3 Nxc5
9.Be2 dxc4 10.Bxc4 a6 11.a4 b6 12.O-O Bb7 13.Rfd1 Qc8 14.Qe2 Qc6 15.Qf1 Rfc8
16.Ne5 Qe8 17.h3 Ncd7 18.Nxd7 Nxd7 19.e4 Bf6 20.f3 Bxc3 21.bxc3 Nc5 22.a5 Na4
23.Rd6 b5 24.Bb3 Rxc3 25.Bxa4 bxa4 26.Rb6 Rb3 27.Qc4 e5  1/2-1/2

[Event "10th EICC w"]
[Site "St Petersburg RUS"]
[Date "2009.03.17"]
[Round "9"]
[White "Mkrtchian,L"]
[Black "Melia,S"]
[Result "1-0"]
[WhiteElo "2460"]
[BlackElo "2422"]

1.c4 e6 2.Nc3 d5 3.d4 Be7 4.Nf3 Nf6 5.Bf4 c5 6.dxc5 Bxc5 7.e3 Nc6 8.a3 O-O
9.Qc2 Qa5 10.O-O-O Be7 11.h4 a6 12.Ng5 Rd8 13.g4 e5 14.cxd5 exf4 15.dxc6 Rxd1+
16.Qxd1 h6 17.Nxf7 Kxf7 18.Qb3+ Be6 19.Bc4 Qe5 20.g5 Bxc4 21.Qxc4+ Kf8 22.g6 Nd5
23.cxb7 Rd8 24.Nxd5 Bxa3 25.Nc3 Bxb2+ 26.Kxb2 Rd7 27.Qb4+  1-0

[Event "TOP 16 GpB"]
[Site "Cannes FRA"]
[Date "2009.03.20"]
[Round "1"]
[White "Khenkin,I"]
[Black "Dobrev,Nan"]
[Result "1-0"]
[WhiteElo "2644"]
[BlackElo "2409"]

1.d4 d5 2.c4 e6 3.Nc3 Nf6 4.Nf3 Be7 5.Bf4 O-O 6.e3 a6 7.Qc2 dxc4 8.Bxc4 c5
9.dxc5 Bxc5 10.Rd1 Nbd7 11.O-O b5 12.Bd3 Qb6 13.Ne5 Ra7 14.Nxd7 Rxd7 15.Ne4 Nxe4
16.Bxe4 f5 17.Bf3 Be7 18.Be5 Qc5 19.Qxc5 Bxc5 20.Rxd7 Bxd7 21.Rd1 Rf7 22.Rc1 Bb6
23.Bc7 Bxc7 24.Rxc7 a5 25.h4 Kf8 26.Ra7 a4 27.Ra6 Ke7 28.Be2 Kd8 29.f4 Re7
30.Kf2 e5 31.a3 exf4 32.exf4 b4 33.Bf3 bxa3 34.bxa3 Kc7 35.Ra7+ Kd6 36.Ra6+ Kc5
37.Ra7 Kd6 38.Ra5 Re8 39.Rd5+ Ke6 40.Re5+ Kd6 41.Rd5+ Ke6 42.Rd3 Rc8 43.g4 Rc2+
44.Kg3 Ke7 45.g5 Rb2 46.Bd5 Bb5 47.Re3+ Kd6 48.Bg8 Bc6 49.Bxh7 Be4 50.h5 Rg2+
51.Kh3 Rg1 52.Bg6 Kd5 53.Kh2 Rh1+ 54.Kg3 Kd4 55.Re2 Ra1 56.Kf2 Rxa3 57.Rd2+ Kc4
58.Rd1 Rf3+ 59.Ke2 Rxf4 60.Rd7 Rh4 61.h6 a3 62.Rxg7 Rh2+ 63.Ke3 Kb3 64.Ra7 Rh3+
65.Kf4  1-0

[Event "TOP 16 GpB"]
[Site "Metz FRA"]
[Date "2009.03.20"]
[Round "1"]
[White "Krasenkow,M"]
[Black "Riazantsev,A"]
[Result "1/2-1/2"]
[WhiteElo "2620"]
[BlackElo "2634"]

1.d4 e6 2.c4 Nf6 3.Nf3 d5 4.Nc3 Be7 5.Bf4 O-O 6.e3 Nbd7 7.c5 Nh5 8.Bd3 Nxf4
9.exf4 b6 10.b4 a5 11.a3 c6 12.O-O Qc7 13.g3 Ba6 14.Re1 Bf6 15.Ne5 Bxe5 16.fxe5 Bxd3
17.Qxd3 Ra7 18.Reb1 b5 19.a4 axb4 20.Rxb4 f6 21.exf6 Nxf6 22.Qe2 Re8 23.Re1 bxa4
24.Rxa4 Rxa4 25.Nxa4 Qa5 26.Nb6 e5 27.dxe5 Qxc5 28.Qb2 Ne4 29.Rc1 Qa5 30.Ra1 Qc5
31.Rc1 Qa5 32.Ra1 Qc5  1/2-1/2

[Event "TOP 16 GpB"]
[Site "Cannes FRA"]
[Date "2009.03.21"]
[Round "2"]
[White "Van Wely,L"]
[Black "Dobrev,Nan"]
[Result "1-0"]
[WhiteElo "2625"]
[BlackElo "2409"]

1.d4 d5 2.c4 e6 3.Nc3 Nf6 4.Nf3 Be7 5.Bf4 O-O 6.e3 a6 7.Qc2 dxc4 8.Bxc4 c5
9.dxc5 Bxc5 10.O-O Nbd7 11.Rfd1 Qe7 12.a3 Nh5 13.Ng5 g6 14.Nce4 Nxf4 15.exf4 h6
16.Nf3 Nf6 17.Ne5 Nxe4 18.Qxe4 Qf6 19.Rac1 Re8 20.Bb3 Bb6 21.Rd6 Bd8 22.Rd2 Qg7
23.g3 Rb8 24.Rdc2 Bf6 25.Nxf7 Qxf7 26.Rxc8 Rbxc8 27.Rxc8 Kg7 28.Rxe8 Qxe8
29.Qxb7+ Qf7 30.Qxa6 Bxb2 31.Bxe6 Qe7 32.a4 Bd4 33.Qc6 Qa7 34.Qd7+ Kf6 35.Qxa7 Bxa7
36.Bd7 Bb8 37.Be8 Kf5 38.Kg2 h5 39.Kf3 Kf6 40.h3 h4 41.gxh4  1-0

[Event "4NCL 2008-9"]
[Site "Hinckley Island ENG"]
[Date "2009.03.21"]
[Round "7"]
[White "Pein,M"]
[Black "Armstrong,M"]
[Result "1-0"]
[WhiteElo "2391"]
[BlackElo "2060"]

1.d4 e6 2.c4 d5 3.Nc3 Nf6 4.Nf3 Be7 5.Bf4 O-O 6.e3 c6 7.Qc2 Nbd7 8.O-O-O Qa5
9.Kb1 dxc4 10.Bxc4 Nb6 11.Bd3 Nbd5 12.Nxd5 exd5 13.Ne5 Be6 14.g4 c5 15.g5 Ne4
16.Bxe4 dxe4 17.d5 Bf5 18.d6 Bd8 19.h4 Be6 20.b3 f6 21.Nc4 Qb5 22.Rhg1 Qd7
23.gxf6 Bxf6 24.Ne5 Qb5 25.Rc1 c4 26.Nxc4 Rfc8 27.Qe2 a5 28.Bg5 Rf8 29.Bxf6 Rxf6
30.Qb2 Raf8 31.Rg5 Qd7 32.Rcg1 R8f7 33.Ne5 Rxf2 34.Nxd7 Rxb2+ 35.Kxb2 Rxd7
36.Rd1  1-0

[Event "Spring Open"]
[Site "Belgrade SRB"]
[Date "2009.03.24"]
[Round "4"]
[White "Damjanovic,D"]
[Black "Koprivica,C"]
[Result "1-0"]
[WhiteElo "2229"]
[BlackElo "2055"]

1.d4 d5 2.c4 e6 3.Nc3 Nf6 4.Nf3 Be7 5.Bf4 c6 6.e3 O-O 7.Qc2 Nbd7 8.h3 Re8
9.a3 a5 10.Rd1 Nf8 11.c5 N6d7 12.Na4 f6 13.Bd3 e5 14.dxe5 fxe5 15.Nxe5 Nxe5
16.Bxe5 Bxc5 17.Bxg7 Bxe3 18.Bxf8 Ba7+ 19.Kf1 Rxf8 20.Bxh7+ Kh8 21.Rd2 Qh4
22.Bd3 Bd7 23.Nc5 Rf7 24.Bg6 Rg7 25.Nxd7 Rxd7 26.Bf5 Rf7 27.g4 Re7 28.Qc3+ Kg8
29.Kg2 Qg5 30.Rd3 Rae8 31.h4 Qh6 32.Rf3 Re2 33.g5 Qd6 34.Bh7+ Kxh7 35.Rf7+ Kg6
36.Qg7+ Kh5 37.Qh7+  1-0

[Event "Open"]
[Site "Reykjavik ISL"]
[Date "2009.03.25"]
[Round "2"]
[White "Steingrimsson,H"]
[Black "Kjartansson,G"]
[Result "1-0"]
[WhiteElo "2547"]
[BlackElo "2365"]

1.d4 Nf6 2.c4 e6 3.Nf3 d5 4.Nc3 Be7 5.Bf4 O-O 6.e3 c5 7.dxc5 Bxc5 8.a3 Nc6
9.b4 Bd6 10.cxd5 Nxd5 11.Nxd5 exd5 12.Bg5 Qc7 13.Rc1 Be6 14.Bd3 Qd7 15.Bh4 a5
16.b5 Ne7 17.Qa4 Nf5 18.O-O Nxh4 19.Qxh4 h6 20.a4 Rac8 21.Nd4 Rxc1 22.Rxc1 Rc8
23.Rxc8+ Qxc8 24.Nxe6 fxe6 25.g3 Be5 26.Qe7 Bf6 27.Qd6 Kf7 28.b6 Qd8 29.Qc5 Qe7
30.Qxa5 Be5 31.Qa8 Bd6 32.Kg2 e5 33.Qc8 Bc5 34.a5 d4 35.e4  1-0

[Event "TCh-AUT 2nd Bundesliga Mitte 2008-9"]
[Site "Austria AUT"]
[Date "2009.03.27"]
[Round "9"]
[White "Pilaj,H"]
[Black "Kuba,G"]
[Result "1/2-1/2"]
[WhiteElo "2393"]
[BlackElo "2397"]

1.Nf3 d5 2.c4 e6 3.d4 Nf6 4.Nc3 Be7 5.Bf4 O-O 6.e3 b6 7.cxd5 Nxd5 8.Nxd5 Qxd5
9.a3 Bd6 10.Bxd6 cxd6 11.Bd3 Bb7 12.e4 Qh5 13.O-O Nd7 14.Rc1 Nf6 15.Qe2  1/2-1/2

[Event "Open"]
[Site "Reykjavik ISL"]
[Date "2009.03.27"]
[Round "4"]
[White "Gupta,Ab"]
[Black "Kjartansson,G"]
[Result "1-0"]
[WhiteElo "2569"]
[BlackElo "2365"]

1.d4 Nf6 2.c4 e6 3.Nf3 d5 4.Nc3 Be7 5.Bf4 O-O 6.e3 c5 7.dxc5 Bxc5 8.Qc2 Nc6
9.a3 Be7 10.Rd1 Qa5 11.Be2 dxc4 12.Bxc4 Nh5 13.O-O Nxf4 14.exf4 Rd8 15.Rxd8+ Qxd8
16.Rd1 Bd7 17.f5 Qc8 18.Qd3 Be8 19.fxe6 fxe6 20.Nd5 Qd8 21.Qe2 Bf7 22.Nf4 Qe8
23.Nxe6 Bf6 24.Re1 h6 25.Qd3 Qc8 26.Ba2 Ne5 27.Nxe5 Bxe6 28.Nd7 Bxa2 29.Nxf6+ Kf7
30.Ne4 Kg8 31.Nf6+ Kf7 32.Ne8 Qc6 33.Qf5+ Kg8 34.Nxg7 Rf8 35.Qg4 Kh7 36.Nh5 Rf7
37.h3  1-0

[Event "Magistral"]
[Site "Mar de Ajo ARG"]
[Date "2009.03.31"]
[Round "9"]
[White "Slipak,S"]
[Black "Garcia Palermo,C"]
[Result "0-1"]
[WhiteElo "2452"]
[BlackElo "2484"]

1.d4 d5 2.c4 e6 3.Nf3 Nf6 4.Nc3 Be7 5.Bf4 O-O 6.e3 Nh5 7.Bg3 g6 8.Qc2 c6
9.Be5 f6 10.Bxb8 Rxb8 11.g4 Ng7 12.Be2 dxc4 13.Bxc4 b5 14.Be2 e5 15.O-O-O Bxg4
16.dxe5 Qe8 17.Ne4 Bxf3 18.Bxf3 fxe5 19.Bg4 c5 20.Rd5 h5 21.Bd7 Qf7 22.Rxe5 Rfd8
23.Rd1 Kh8 24.Kb1 a6 25.Rdd5 c4 26.f4 Bh4 27.Qd1 b4 28.Qd4 c3 29.f5 Kg8 30.fxg6 Qxg6
31.Rd6 Qg1+ 32.Qd1 c2+ 33.Kxc2 Qxh2+ 34.Kb1 Qxe5 35.Qh1 b3 36.axb3 Rxb3 37.Rd4 Rxd7
38.Qxh4 Rxd4 39.exd4 Qf5  0-1

[Event "16th TCh-RUS Premier"]
[Site "Dagomys RUS"]
[Date "2009.04.06"]
[Round "3"]
[White "Eljanov,P"]
[Black "Chadaev,N"]
[Result "1-0"]
[WhiteElo "2693"]
[BlackElo "2557"]

1.d4 d5 2.c4 e6 3.Nf3 Nf6 4.Nc3 Be7 5.Bf4 O-O 6.a3 c5 7.dxc5 Bxc5 8.e3 Nc6
9.Qc2 Qa5 10.Rd1 Be7 11.Be2 dxc4 12.Bxc4 Nh5 13.Bd6 Bxd6 14.Rxd6 Nf6 15.Qd2 Rd8
16.Rxd8+ Qxd8 17.Qxd8+ Nxd8 18.Ke2 Kf8 19.e4 Bd7 20.e5 Ne8 21.Rd1 Ke7 22.Ng5 Rc8
23.Ba2 h6 24.Nge4 b6 25.f4 Nb7 26.Nd2 Nc5 27.Nc4 Bc6 28.g3 Na4 29.Nxa4 Bxa4
30.Rd4 Bb5 31.Kd2 Bxc4 32.Bxc4 Rd8 33.Rxd8 Kxd8 34.h4 Ke7 35.Be2 Nc7 36.Bf3 Kf8
37.Kd3 g6 38.h5 Kg7 39.hxg6 fxg6 40.Ke4 Kf7 41.Be2 a5 42.Bc4 Ke7 43.Bb3 Na6
44.Bc2 Nc7 45.Bd3 Kf7 46.Bc4 Ke7 47.b3 Ne8 48.Bd3 Kf7 49.Be2 Ke7 50.Bc4 Kf7
51.g4 Ke7 52.Bd3 Nc7 53.Bc4 Ne8 54.a4 Ng7 55.Bd3 Kf7 56.Bc2 Ne8 57.Bd3 Ng7
58.Kf3 Ne8 59.Bb5 Ke7 60.Bd3 Kf7 61.Ke3 Ng7 62.Ke4 Ne8 63.Be2 Ke7 64.Bf1 Ng7
65.Bd3 Kf7 66.Bb1 Ne8 67.Bc2 Nc7 68.Bd3 Ke7 69.Bc4 Ne8 70.f5 gxf5+ 71.gxf5 exf5+
72.Kxf5 h5 73.Kg5 Ng7 74.Kg6 Kf8 75.Kg5 Ke7 76.Kg6 Kf8 77.Kf6 h4 78.Bf1 Nh5+
79.Ke6 Nf4+ 80.Kd7 Ng6 81.e6 Ne7 82.Bg2 Ng8 83.Kd8 Ne7 84.Kc7 Ke8 85.Kxb6 Ng6
86.Kxa5 Nf4 87.Bh1 Nxe6 88.Kb6 Kd8 89.a5 Nf8 90.a6 Nd7+ 91.Kb5 Kc7 92.a7  1-0

[Event "ch-DEN"]
[Site "Silkeborg DEN"]
[Date "2009.04.06"]
[Round "3"]
[White "Rasmussen,Kar"]
[Black "Rendboe,J"]
[Result "1/2-1/2"]
[WhiteElo "2447"]
[BlackElo "2199"]

1.d4 Nf6 2.c4 e6 3.Nf3 d5 4.Nc3 Be7 5.Bf4 O-O 6.e3 c5 7.dxc5 Bxc5 8.Qc2 Nc6
9.a3 Qa5 10.Rd1 Be7 11.Be2 dxc4 12.Bxc4 e5 13.Bg3 Bg4 14.O-O Rac8 15.Nd5 b5
16.Ng5 g6 17.Nxe7+ Nxe7 18.Bxf7+ Rxf7 19.Qb3 Rc4 20.f3 Bc8 21.Nxf7 Kxf7 22.Bxe5 Be6
23.Qd3 Qb6 24.Bd4 Qc7 25.b3 Rc2 26.Be5 Qxe5 27.Qxc2 Qxe3+ 28.Qf2 Qxf2+ 29.Kxf2 Bxb3
30.Rd6 a5 31.Rc1 a4 32.Rc7 Ne8 33.Rdd7 Nxc7 34.Rxc7 h5 35.g4 hxg4 36.fxg4 Ke6
37.Rb7 Bc4 38.h4 Nd5 39.h5 Nf6 40.hxg6 Nxg4+ 41.Ke1 Kf6 42.g7 Nh6 43.Kd2 Nf5
44.Rxb5 Nxg7 45.Rb4 Bb3 46.Rxb3 axb3 47.Kc3 Ke6 48.Kb2 Kd6 49.a4 Kc5 50.Kxb3 Ne6  1/2-1/2

[Event "Foxwoods Open"]
[Site "Ledyard USA"]
[Date "2009.04.08"]
[Round "1"]
[White "Zenyuk,I"]
[Black "Moroney,T"]
[Result "1/2-1/2"]
[WhiteElo "2305"]
[BlackElo "1988"]

1.d4 d5 2.Nf3 Nf6 3.c4 e6 4.Nc3 Be7 5.Bf4 O-O 6.e3 b6 7.Rc1 c5 8.cxd5 exd5
9.Bd3 Bb7 10.O-O Nc6 11.Bb1 Rc8 12.Ne5 Re8 13.Qd3 g6 14.Rfd1 Bd6 15.Nf3 Nb4
16.Qb5 c4 17.Bxd6 Qxd6 18.a3 Nc6 19.Qa4 a6 20.Qc2 Rc7 21.h3 Na5 22.Ba2 Bc8
23.g4 h5 24.g5 Bf5 25.Qa4 Bd7 26.Qb4 Qe6 27.gxf6 Qxf6 28.Ne5 Bxh3 29.f4 Qh4
30.Ne2 f6 31.Qxb6 Rb7 32.Qxa5 Rxe5 33.dxe5 Qg4+ 34.Kf2 Rxb2 35.Qxd5+ Kh7
36.Qf7+ Kh6 37.Qf8+ Kh7 38.Qf7+ Kh6 39.Qf8+ Kh7 40.Qe7+ Kh6 41.Qf8+ Kh7  1/2-1/2

[Event "ch-DEN"]
[Site "Silkeborg DEN"]
[Date "2009.04.09"]
[Round "6"]
[White "Antonsen,M"]
[Black "Rendboe,J"]
[Result "1/2-1/2"]
[WhiteElo "2450"]
[BlackElo "2199"]

1.d4 d5 2.c4 e6 3.Nf3 Nf6 4.Nc3 Be7 5.Bf4 O-O 6.e3 b6 7.Qc2 c5 8.Rd1 Bb7
9.dxc5 bxc5 10.Be2 Qb6 11.O-O Nc6 12.a3 dxc4 13.Bxc4 Na5 14.Be2 Nd5 15.Bg3 Nxc3
16.Qxc3 Bd5 17.Nd2 Bf6 18.Be5 Bxe5 19.Qxe5 Rab8 20.e4 Nc6 21.Qg5 Nd4 22.Bd3 h6
23.Qe5 Ba2 24.Nc4 Nc6 25.Qh5 Bxc4 26.Bxc4 Na5 27.Bd3 Rfd8 28.Qe5  1/2-1/2

[Event "Foxwoods Open"]
[Site "Ledyard USA"]
[Date "2009.04.10"]
[Round "4"]
[White "Vigorito,D"]
[Black "Getz,A"]
[Result "1-0"]
[WhiteElo "2384"]
[BlackElo "2229"]

1.d4 d5 2.c4 e6 3.Nc3 Be7 4.Nf3 Nf6 5.Bf4 O-O 6.e3 Nbd7 7.c5 c6 8.h3 b6 9.b4 a5
10.a3 Ba6 11.Bxa6 Rxa6 12.b5 cxb5 13.c6 Qc8 14.c7 b4 15.Nb5 a4 16.axb4 Bxb4+
17.Ke2 Ra5 18.Qd3 Ne4 19.Rhc1 Qa6 20.Rab1 Be7 21.Ne5 Nxe5 22.Bxe5 Rc8 23.f3 a3
24.fxe4 dxe4 25.Qc4 a2 26.Ra1 Qxb5 27.Qxb5 Rxb5 28.Rxa2 f6 29.Bg3 e5 30.Rd2 Kf7
31.Rc6 exd4 32.Rxd4 Rb2+ 33.Kf1 Rb1+ 34.Kf2 Rb2+ 35.Kg1 f5 36.Rd7 Ke8 37.Rd5 g6
38.Re6 Kf7 39.Rxe7+ Kxe7 40.Rd8 Rxc7 41.Bxc7 Re2 42.Bxb6 Rxe3 43.Bxe3 Kxd8
44.Kf2 Ke7 45.Bg5+ Kf7 46.Ke3 Kg7 47.Bd8 h6 48.Kf4 Kf7 49.Ke5 e3 50.Ba5 e2
51.Kf4 Ke6 52.Kf3 Kd5 53.Kxe2 Ke4 54.Bd2 f4 55.Bb4 g5 56.Be7 Kf5 57.h4 Kg4
58.hxg5 hxg5 59.Kf2 Kf5 60.Bc5 Kg4 61.Bb6 Kf5 62.Kf3 g4+ 63.Kf2 Ke4 64.Ba7 Kf5
65.Ke1 Kg5 66.Bb6 Kf5 67.Kd2 Ke4 68.Ba7 Kf5 69.Kd3 Ke5 70.Bb8+ Kf5 71.Ba7 Ke5
72.Bb6 Kf5 73.Bd4 g3 74.Ke2 Kg4 75.Bb6 f3+ 76.gxf3+ Kh3 77.Kd3 g2 78.Ke4  1-0

[Event "Foxwoods Open"]
[Site "Ledyard USA"]
[Date "2009.04.10"]
[Round "4"]
[White "Vigorito,D"]
[Black "Getz,A"]
[Result "1-0"]
[WhiteElo "2384"]
[BlackElo "2229"]

1.d4 d5 2.c4 e6 3.Nc3 Be7 4.Nf3 Nf6 5.Bf4 O-O 6.e3 Nbd7 7.c5 c6 8.h3 b6 9.b4 a5
10.a3 Ba6 11.Bxa6 Rxa6 12.b5 cxb5 13.c6 Qc8 14.c7 b4 15.Nb5 a4 16.axb4 Bxb4+
17.Ke2 Ra5 18.Qd3 Ne4 19.Rhc1 Qa6 20.Rab1 Be7 21.Ne5 Nxe5 22.Bxe5 Rc8 23.f3 a3
24.fxe4 dxe4 25.Ra1 Qxb5 26.Qxb5 Rxb5 27.Ra2 f6 28.Bg3 e5 29.Rd2 Kf7 30.Rc6 exd4
31.Rxd4 Rb2+ 32.Kf1 Rb1+ 33.Kf2 Rb2+ 34.Kg1 f5 35.Rd7 Ke8 36.Rd5 g6 37.Re6 Kf7
38.Rxe7+ Kxe7 39.Rd8 Rxc7 40.Bxc7 Re2 41.Bxb6 Rxe3 42.Bxe3 Kxd8 43.Kf2 Ke7
44.Bg5+ Kf7 45.Ke3 Kg7 46.Bd8 h6 47.Kf4 Kf7 48.Ke5 e3 49.Ba5 e2 50.Kf4 Ke6
51.Kf3 Kd5 52.Kxe2 Ke4 53.Bd2 f4 54.Bb4 g5 55.Be7 Kf5 56.h4 Kg4 57.hxg5 hxg5
58.Kf2 Kf5 59.Bc5 Kg4 60.Bb6 Kf5 61.Kf3 g4+ 62.Kf2 Ke4 63.Ba7 Kf5 64.Ke1 Kg5
65.Bb6 Kf5 66.Kd2 Ke4 67.Ba7 Kf5 68.Kd3 Ke5 69.Bb8+ Kf5 70.Ba7 Ke5 71.Bb6 Kf5
72.Bd4 g3 73.Ke2 Kg4 74.Bb6 f3+ 75.gxf3+ Kh3 76.Kd3 g2 77.Ke4  1-0

[Event "ch-MGL"]
[Site "Ulan Bator MGL"]
[Date "2009.04.11"]
[Round "1"]
[White "Oyunbaatar,T"]
[Black "Mungunkhuu,M"]
[Result "1-0"]
[WhiteElo "2306"]
[BlackElo "2166"]

1.d4 d5 2.c4 e6 3.Nc3 Nf6 4.Nf3 Be7 5.Bf4 O-O 6.e3 c6 7.Be2 Nbd7 8.O-O Re8
9.h3 Nf8 10.Ne5 Ng6 11.Nxg6 hxg6 12.Rb1 Bd6 13.Bxd6 Qxd6 14.c5 Qd8 15.f4 b6
16.b4 a5 17.b5 bxc5 18.dxc5 Qe7 19.Qd4 Bb7 20.bxc6 Bxc6 21.Rb6 Rac8 22.Ba6 Rc7
23.Nb5 Bxb5 24.Bxb5 Rec8 25.c6 Ne4 26.Rc1 Qh4 27.Qb2 Qg3 28.Qe2 Nd6 29.Ba6 Ra8
30.Qf2 Qxf2+ 31.Kxf2 Kf8 32.Ke2 Ke7 33.Kd3 Rca7 34.Rb7+ Kf6 35.Rd7 Rxd7 36.cxd7 Ke7
37.Rc8  1-0

[Event "ch-MGL"]
[Site "Ulan Bator MGL"]
[Date "2009.04.12"]
[Round "3"]
[White "Erkhembayar,D"]
[Black "Mungunkhuu,M"]
[Result "0-1"]
[WhiteElo "2343"]
[BlackElo "2166"]

1.d4 d5 2.c4 e6 3.Nf3 Nf6 4.Nc3 Be7 5.Bf4 c6 6.e3 O-O 7.Bd3 Nbd7 8.h3 dxc4
9.Bxc4 Nb6 10.Bd3 c5 11.dxc5 Bxc5 12.O-O Nbd5 13.Nxd5 Nxd5 14.Bxh7+ Kxh7
15.Qc2+ Kg8 16.Qxc5 b6 17.Qc2 Nxf4 18.exf4 Qf6 19.Ng5 g6 20.Qe4 Ba6 21.Rfd1 Rad8
22.Qe5 Qe7 23.Ne4 f6 24.Qc3 Bb7 25.Re1 Kf7 26.Rac1 Rc8 27.Qe3 Rfd8 28.Rxc8 Bxc8
29.Ng3 Rd5 30.h4 Qb4 31.Rc1 Bd7 32.Qc3 Qxf4 33.Qc7 Rd1+  0-1

[Event "Sydney International Open"]
[Site "Parramatta AUS"]
[Date "2009.04.16"]
[Round "3"]
[White "Kunte,A"]
[Black "Mas,H"]
[Result "1/2-1/2"]
[WhiteElo "2513"]
[BlackElo "2421"]

1.d4 Nf6 2.Nf3 e6 3.c4 d5 4.Nc3 Be7 5.Bf4 O-O 6.e3 Nbd7 7.cxd5 Nxd5 8.Nxd5 exd5
9.a3 c5 10.dxc5 Nxc5 11.Be5 Bg4 12.Be2 Bxf3 13.Bxf3 Bf6 14.Bxf6 Qxf6 15.O-O Rad8
16.Qd4 Qxd4 17.exd4 Ne4 18.Rfd1 f5  1/2-1/2